[Event "Xtracon Chess Open 2016"]
[Site "Elsinore"]
[Date "2016.07.26"]
[Round "5.22"]
[White "Solberg, Joachim"]
[Black "Leenhouts, Koen"]
[Result "0-1"]
[WhiteElo "2211"]
[BlackElo "2491"]
[PlyCount "40"]
[EventDate "2016.07.23"]

1. d4 Nf6 2. c4 g6 3. Nc3 d5 4. Nf3 Bg7 5. Bg5 Ne4 6. cxd5 Nxg5 7. Nxg5 e6 8.
Nf3 exd5 9. b4 O-O 10. Qb3 a5 11. b5 c5 12. bxc6 Nxc6 13. e3 a4 14. Qa3 Qa5 15.
Rb1 Be6 16. Rb5 Qc7 17. Nxd5 Bxd5 18. Rxd5 Rfc8 19. Qb2 Bf8 20. a3 Nb4 0-1

[Event "Xtracon Chess Open 2016"]
[Site "Elsinore"]
[Date "2016.07.26"]
[Round "5.23"]
[White "Tarjan, James E"]
[Black "Rosenkilde, Alexander"]
[Result "1/2-1/2"]
[WhiteElo "2447"]
[BlackElo "2211"]
[PlyCount "78"]
[EventDate "2016.07.23"]

1. d4 Nf6 2. Nf3 e6 3. c4 b6 4. g3 Ba6 5. b3 d5 6. cxd5 exd5 7. Bg2 Be7 8. O-O
O-O 9. Nc3 Nbd7 10. Bb2 Bb7 11. Rc1 Re8 12. Ne5 c5 13. e3 cxd4 14. Nxd7 Qxd7
15. Qxd4 Bc5 16. Qa4 Bc6 17. Qh4 Rad8 18. b4 Be7 19. Rfd1 Ng4 20. Qh3 Qf5 21.
Rf1 Bxb4 22. Ne2 Bd7 23. Nf4 Bc5 24. Qh5 Qxh5 25. Nxh5 Ne5 26. Nf4 Bg4 27. Bxe5
Rxe5 28. Nd3 Re6 29. Nxc5 bxc5 30. Rxc5 Red6 31. Ra5 R8d7 32. f3 Be6 33. f4 g6
34. Rd1 d4 35. exd4 Rxd4 36. Rxd4 Rxd4 37. a3 Rd1+ 38. Kf2 Rd2+ 39. Kg1 Rd1+
1/2-1/2

[Event "Xtracon Chess Open 2016"]
[Site "Elsinore"]
[Date "2016.07.26"]
[Round "5.24"]
[White "Holm, Kristian Stuvik"]
[Black "Ramsdal, Jens Albert"]
[Result "1/2-1/2"]
[WhiteElo "2411"]
[BlackElo "2204"]
[PlyCount "152"]
[EventDate "2016.07.23"]

1. Nf3 Nf6 2. c4 g6 3. g3 Bg7 4. Bg2 O-O 5. O-O c5 6. Nc3 Nc6 7. d4 cxd4 8.
Nxd4 Ng4 9. e3 d6 10. b3 Nxd4 11. exd4 Nh6 12. Bxh6 Bxh6 13. Re1 Rb8 14. Qe2 e5
15. dxe5 Bg7 16. Rad1 Bxe5 17. Nb5 Qa5 18. Nxd6 Bg4 19. Qxg4 Bxd6 20. Re2 Bc5
21. Rd7 Rbd8 22. Bd5 b5 23. cxb5 Qxb5 24. Bxf7+ Kh8 25. Rxd8 Rxd8 26. Qe4 Kg7
27. Bc4 Qb8 28. Kg2 Rf8 29. h4 Rf5 30. Rd2 Qe5 31. Rd7+ Kh6 32. Qxe5 Rxe5 33.
Bg8 Re7 34. Rd2 Kg7 35. Bc4 Kf6 36. Kf3 Re5 37. g4 g5 38. Rd7 h5 39. Rf7+ Kg6
40. gxh5+ Kxh5 41. Rh7+ Kg6 42. Bd3+ Kf6 43. h5 g4+ 44. Kxg4 Bxf2 45. Bc4 Rg5+
46. Kf3 Rf5+ 47. Ke4 Re5+ 48. Kd3 Re7 49. Rh8 Kg7 50. Rd8 Bb6 51. Rd6 Re3+ 52.
Kc2 Rh3 53. Rg6+ Kh7 54. Bd3 Kh8 55. h6 Be3 56. Re6 Bxh6 57. Re8+ Kg7 58. Re7+
Kf6 59. Rxa7 Ke5 60. Re7+ Kd6 61. Re2 Kc5 62. a3 Bf4 63. b4+ Kd5 64. a4 Rh2 65.
Rxh2 Bxh2 66. a5 Bc7 67. Kb3 Kc6 68. Ba6 Bd8 69. Kc4 Kd6 70. Bb7 Kc7 71. Bf3
Kb8 72. Kc5 Ka7 73. Be2 Be7+ 74. Kc4 Bd8 75. Kd5 Be7 76. b5 Bd8 1/2-1/2

[Event "Xtracon Chess Open 2016"]
[Site "Elsinore"]
[Date "2016.07.26"]
[Round "5.25"]
[White "Thuesen, Mogens Henrik"]
[Black "Kristiansen, Jens"]
[Result "1-0"]
[WhiteElo "2200"]
[BlackElo "2410"]
[PlyCount "93"]
[EventDate "2016.07.23"]

1. d4 Nf6 2. c4 e6 3. g3 Bb4+ 4. Bd2 a5 5. Bg2 d6 6. Nf3 Nbd7 7. O-O e5 8. Nc3
O-O 9. Rc1 c6 10. dxe5 dxe5 11. h3 Qe7 12. Be3 Bc5 13. Qd2 Nb6 14. b3 a4 15.
Rfd1 axb3 16. axb3 Bf5 17. Bxc5 Qxc5 18. Qg5 Ne4 19. Nxe4 Bxe4 20. Qxe5 Qxe5
21. Nxe5 Bxg2 22. Kxg2 Rfe8 23. Nd7 Nxd7 24. Rxd7 Rxe2 25. Ra1 Rae8 26. Ra7
R2e6 27. Raxb7 Rf6 28. Rd3 g6 29. Rf3 Kg7 30. Rxf6 Kxf6 31. Rb6 Rc8 32. Kf3 Ke5
33. Ke3 g5 34. b4 h5 35. b5 cxb5 36. Rxb5+ Ke6 37. Kd4 f6 38. Rb6+ Ke7 39. c5
Rd8+ 40. Ke4 Rd2 41. f4 h4 42. Rb7+ Ke8 43. gxh4 gxf4 44. h5 Rh2 45. h6 Rxh3
46. h7 Kf8 47. h8=Q+ 1-0

[Event "Xtracon Chess Open 2016"]
[Site "Elsinore"]
[Date "2016.07.26"]
[Round "5.26"]
[White "Rewitz, Poul"]
[Black "Thybo, Jesper Sondergaard"]
[Result "0-1"]
[WhiteElo "2202"]
[BlackElo "2385"]
[PlyCount "58"]
[EventDate "2016.07.23"]

1. g3 e5 2. Bg2 Nf6 3. c3 d5 4. d4 e4 5. Nh3 Bd6 6. Bg5 O-O 7. Nf4 c6 8. e3
Nbd7 9. O-O Re8 10. Nd2 h6 11. Bxf6 Nxf6 12. c4 Bg4 13. Qb3 g5 14. Nxd5 cxd5
15. c5 Bc7 16. Qxb7 Qd7 17. f3 exf3 18. Nxf3 Kg7 19. c6 Qe7 20. Rf2 Rab8 21.
Qa6 Bxf3 22. Rxf3 g4 23. Rf5 Rxb2 24. Raf1 Qxe3+ 25. Kh1 Qd2 26. R5f2 Qxf2 27.
Rxf2 Rxf2 28. Kg1 Rf5 29. h4 Re1+ 0-1

[Event "Xtracon Chess Open 2016"]
[Site "Elsinore"]
[Date "2016.07.26"]
[Round "5.27"]
[White "Colpe, Malte"]
[Black "Goldie, Thomas"]
[Result "1/2-1/2"]
[WhiteElo "2385"]
[BlackElo "2171"]
[PlyCount "145"]
[EventDate "2016.07.23"]

1. d4 d5 2. c4 c6 3. Nf3 Nf6 4. Qc2 g6 5. Bf4 Bg7 6. e3 O-O 7. Nc3 Na6 8. c5
Nc7 9. h3 Re8 10. Be5 Nd7 11. Bxg7 Kxg7 12. Bd3 e5 13. Nxe5 Nxe5 14. dxe5 Rxe5
15. Ne2 Re8 16. O-O Qe7 17. Rae1 Ne6 18. b4 Bd7 19. Nc1 Qh4 20. f4 f5 21. Nb3
Kg8 22. Nd2 Qf6 23. Nf3 Nd8 24. a4 Nf7 25. Nd4 a6 26. Qd2 Re7 27. Bb1 Rae8 28.
Ba2 Kg7 29. Qc3 Nd8 30. Qd2 Nf7 31. Bb1 Nd8 32. Nf3 Nf7 33. Kf2 h6 34. g3 Kg8
35. Rg1 Kf8 36. Bd3 Bc8 37. Re2 Bd7 38. Rb1 Kg7 39. b5 axb5 40. axb5 g5 41. Qb2
Qxb2 42. Rbxb2 Kf6 43. Nd4 Nd8 44. bxc6 bxc6 45. Rb6 gxf4 46. gxf4 h5 47. Bb5
Kg7 48. Bd3 Kf6 49. Re1 Rg7 50. Ra1 Rge7 51. Re1 Rg7 52. Bb5 Reg8 53. Bf1 Re8
54. Ra1 Rge7 55. Ra7 Ne6 56. Nxc6 Bxc6 57. Rxe7 Kxe7 58. Rxc6 d4 59. Bc4 dxe3+
60. Kxe3 Nxc5 61. Kd4 Ne4 62. Re6+ Kf8 63. Rxe8+ Kxe8 64. Be6 Ng3 65. Ke5 Ke7
66. Bxf5 Ne2 67. Bg6 Nxf4 68. Kxf4 Kf6 69. Bf5 Kg7 70. h4 Kh8 71. Kg5 Kg8 72.
Kh6 Kh8 73. Bh7 1/2-1/2

[Event "Xtracon Chess Open 2016"]
[Site "Elsinore"]
[Date "2016.07.26"]
[Round "5.28"]
[White "Haubro, Martin"]
[Black "Christensen, Lasse"]
[Result "1-0"]
[WhiteElo "2370"]
[BlackElo "2162"]
[PlyCount "61"]
[EventDate "2016.07.23"]

1. e4 c6 2. d4 d5 3. e5 Bf5 4. Nf3 e6 5. Be2 c5 6. Be3 Nc6 7. dxc5 Qc7 8. O-O
a6 9. c4 d4 10. Nxd4 O-O-O 11. b4 f6 12. Nxc6 Rxd1 13. Na7+ Kb8 14. Rxd1 Kxa7
15. c6+ Kb8 16. Rd7 Qxe5 17. Nc3 Bd6 18. g3 Qxc3 19. Rxb7+ Kc8 20. Rc1 Qxb4 21.
c5 Bxc5 22. Bxa6 Qa5 23. Ra7+ Qxa6 24. Rxa6 Bxe3 25. fxe3 Be4 26. Ra8+ Kc7 27.
Ra7+ Kc8 28. a4 Kb8 29. Rb7+ Kc8 30. a5 Bxc6 31. Rxg7 1-0

[Event "Xtracon Chess Open 2016"]
[Site "Elsinore"]
[Date "2016.07.26"]
[Round "5.29"]
[White "Dauth, Benjamin"]
[Black "Hinrichs, Lars"]
[Result "0-1"]
[WhiteElo "2367"]
[BlackElo "2157"]
[PlyCount "156"]
[EventDate "2016.07.23"]

1. e4 e5 2. Bc4 Nf6 3. d4 exd4 4. Nf3 Nc6 5. O-O Nxe4 6. Re1 d5 7. Bxd5 Qxd5 8.
Nc3 Qh5 9. Nxe4 Be6 10. Bg5 Bd6 11. c4 O-O 12. c5 Be5 13. Nxe5 Qxd1 14. Raxd1
Nxe5 15. Rxd4 Nc6 16. Rd2 Bxa2 17. Bf4 Rac8 18. Nc3 Bc4 19. Rd7 Be6 20. Rxc7
Rxc7 21. Bxc7 Rc8 22. Bd6 Nb4 23. Rd1 h6 24. f3 Na6 25. Nb5 Nxc5 26. Nxa7 Rd8
27. Nb5 Na4 28. Rd2 Bc4 29. Na3 b5 30. b4 Nb6 31. Kf2 Ra8 32. Nb1 Nd5 33. Bc5
Ra1 34. Rd1 Ra2+ 35. Rd2 Ra1 36. Rd1 Bb3 37. Re1 Nf4 38. Re8+ Kh7 39. Nd2 Ra2
40. Rd8 Bd5 41. g3 Rxd2+ 42. Ke3 Ne6 43. Rd6 Rd1 44. Ke2 Bxf3+ 45. Kxf3 Rxd6
46. Bxd6 f5 47. h4 h5 48. Ke3 g6 49. Be5 Kg8 50. Kd3 Kf7 51. Bf4 Ke7 52. Bc1
Kd6 53. Be3 Ke5 54. Ba7 g5 55. hxg5 Nxg5 56. Ke3 Ne6 57. Bb8+ Kd5 58. Kf3 Kd4
59. Bd6 Kd3 60. Bc5 Kc3 61. Ke3 Kc4 62. Bd6 Kd5 63. Bb8 Nd4 64. Kf4 Nc6 65. Bc7
Ke6 66. Kg5 Nxb4 67. Ba5 Nd5 68. Bd2 Nf6 69. Bc1 Ne4+ 70. Kf4 b4 71. Bb2 Nc5
72. Kg5 Nd3 73. Ba1 b3 74. Kxh5 b2 75. Bxb2 Nxb2 76. Kh4 Nd3 77. Kh3 Ke5 78.
Kg2 Ke4 0-1

[Event "Xtracon Chess Open 2016"]
[Site "Elsinore"]
[Date "2016.07.26"]
[Round "5.30"]
[White "Petersen, Peter Birk"]
[Black "Sowray, Peter J"]
[Result "1/2-1/2"]
[WhiteElo "2197"]
[BlackElo "2348"]
[PlyCount "70"]
[EventDate "2016.07.23"]

1. e4 c5 2. Nf3 e6 3. d4 cxd4 4. Nxd4 a6 5. Bd3 g6 6. O-O Bg7 7. Be3 Ne7 8. Nc3
O-O 9. Qd2 d5 10. exd5 Nxd5 11. Nxd5 exd5 12. c3 Nc6 13. Rfe1 Ne5 14. Rad1 Bg4
15. f3 Be6 16. Bf4 Nxd3 17. Qxd3 Qb6 18. Qe2 Rfe8 19. Qf2 Rac8 20. Be5 Bf8 21.
Nb3 Qxf2+ 22. Kxf2 Be7 23. Bd4 Kf8 24. g3 Red8 25. Nc1 Rd6 26. Nd3 b6 27. h4 h5
28. Re2 a5 29. Nf4 Re8 30. Rde1 Bd8 31. Kg2 Kg8 32. Kf2 Kf8 33. a3 Kg8 34. Kg2
Kf8 35. Kf2 Kg8 1/2-1/2

[Event "Xtracon Chess Open 2016"]
[Site "Elsinore"]
[Date "2016.07.26"]
[Round "5.32"]
[White "Royset, Pal"]
[Black "Buchal, Stephan"]
[Result "1/2-1/2"]
[WhiteElo "2144"]
[BlackElo "2338"]
[PlyCount "120"]
[EventDate "2016.07.23"]

1. e4 g6 2. d4 Bg7 3. Nc3 d6 4. f4 a6 5. Nf3 b5 6. Bd3 Nd7 7. O-O c5 8. dxc5
Nxc5 9. Kh1 Bb7 10. Qe2 Nf6 11. a3 O-O 12. f5 d5 13. e5 Nfe4 14. Be3 Nxc3 15.
bxc3 Ne4 16. fxg6 fxg6 17. Bd4 Qd7 18. a4 Bc6 19. axb5 axb5 20. Rab1 Ra5 21. e6
Qd6 22. Bxg7 Kxg7 23. Bxe4 dxe4 24. Nd4 Raa8 25. Qg4 Rac8 26. Qg5 Rxf1+ 27.
Rxf1 Rf8 28. Rxf8 Kxf8 29. Qh4 Kg8 30. Qf2 Be8 31. h3 Qe5 32. Qe3 Kg7 33. Kg1
h6 34. Kf2 g5 35. g3 Bg6 36. g4 h5 37. gxh5 Bxh5 38. Ke1 Bg6 39. Kd2 Kh6 40.
Kc1 Qf4 41. Kd2 Qe5 42. Qf2 Kg7 43. Ke3 Qc5 44. Qe1 Qc7 45. Ne2 Qc5+ 46. Nd4
Qc7 47. Ne2 Bh5 48. Kxe4 Qc6+ 49. Kd3 Qxe6 50. Kd2 Qxe2+ 51. Qxe2 Bxe2 52. Kxe2
Kf6 53. Kd3 Ke5 54. c4 bxc4+ 55. Kxc4 Kf4 56. Kd3 Kf3 57. c4 e5 58. Kd2 Kf2 59.
Kd3 Kf3 60. Kd2 Kf2 1/2-1/2

[Event "Xtracon Chess Open 2016"]
[Site "Elsinore"]
[Date "2016.07.26"]
[Round "5.33"]
[White "Wadsworth, Matthew J"]
[Black "Christensen, Bo Garner"]
[Result "1-0"]
[WhiteElo "2325"]
[BlackElo "2150"]
[PlyCount "93"]
[EventDate "2016.07.23"]

1. c4 f5 2. g3 Nf6 3. Bg2 g6 4. Nc3 Bg7 5. d3 O-O 6. e4 fxe4 7. dxe4 Nc6 8.
Nge2 d6 9. O-O e5 10. f3 Be6 11. Nd5 Nd4 12. Nxd4 exd4 13. b3 c5 14. Bg5 Qd7
15. Nf4 Bf7 16. Nd3 h6 17. Bxf6 Bxf6 18. f4 Rae8 19. e5 Bg7 20. Qd2 b6 21. Rae1
Kh7 22. h3 h5 23. Kh2 Be6 24. Rf2 Bf5 25. Rfe2 h4 26. gxh4 Bxd3 27. Qxd3 Rxf4
28. h5 Bxe5 29. Qxg6+ Kh8 30. Rxe5 dxe5 31. Bc6 Rg8 32. Bxd7 Rxg6 33. hxg6 e4
34. Kg3 Rf3+ 35. Kg2 d3 36. Rxe4 d2 37. Re7 d1=Q 38. Rh7+ Kg8 39. Be6+ Rf7 40.
gxf7+ Kxh7 41. f8=Q Qe2+ 42. Qf2 Qxe6 43. Qh4+ Qh6 44. Kg3 a6 45. a4 Kg7 46.
Qxh6+ Kxh6 47. Kf4 1-0

[Event "Xtracon Chess Open 2016"]
[Site "Elsinore"]
[Date "2016.07.26"]
[Round "5.34"]
[White "Haug, Johannes"]
[Black "Vesterli, Michael E"]
[Result "1-0"]
[WhiteElo "2318"]
[BlackElo "2141"]
[PlyCount "60"]
[EventDate "2016.07.23"]

1. e4 c5 2. Nf3 d6 3. Bb5+ Nd7 4. c3 Ngf6 5. Qe2 a6 6. Ba4 b5 7. Bc2 Bb7 8. d4
e6 9. a4 bxa4 10. Rxa4 Be7 11. O-O O-O 12. Bg5 Re8 13. Nbd2 Qc7 14. Bd3 Nb6 15.
Raa1 c4 16. Nxc4 Nxc4 17. Bxc4 Bxe4 18. Bxa6 Bxf3 19. Qxf3 Qb6 20. Qe2 Rab8 21.
Rfb1 Nd5 22. Bd2 Bf6 23. Bd3 e5 24. Qe4 Nc7 25. Qxh7+ Kf8 26. dxe5 Rxe5 27. Be3
Rxe3 28. fxe3 Qxe3+ 29. Kh1 g6 30. Bxg6 fxg6 1-0

[Event "Xtracon Chess Open 2016"]
[Site "Elsinore"]
[Date "2016.07.26"]
[Round "5.35"]
[White "Matthiesen, Martin"]
[Black "Klings, Peter"]
[Result "1-0"]
[WhiteElo "2316"]
[BlackElo "2133"]
[PlyCount "43"]
[EventDate "2016.07.23"]

1. d4 Nf6 2. c4 c5 3. Nf3 cxd4 4. Nxd4 g6 5. Nc3 d5 6. Bg5 dxc4 7. Bxf6 exf6 8.
e3 Bg7 9. Bxc4 O-O 10. O-O Nd7 11. Qb3 Qa5 12. Rfd1 Nb6 13. Be2 Bd7 14. Bf3
Rab8 15. Rac1 f5 16. Ncb5 a6 17. Nd6 Bxd4 18. Rxd4 Be6 19. Qd1 Rfd8 20. Nxb7
Rxd4 21. Qxd4 Qb5 22. Bc6 1-0

[Event "Xtracon Chess Open 2016"]
[Site "Elsinore"]
[Date "2016.07.26"]
[Round "5.36"]
[White "Heinis, Vincent"]
[Black "Kovachev, Daniel Jacobsen"]
[Result "0-1"]
[WhiteElo "2131"]
[BlackElo "2315"]
[PlyCount "48"]
[EventDate "2016.07.23"]

1. e4 e6 2. d4 d5 3. Nd2 Nc6 4. Ngf3 Nf6 5. e5 Nd7 6. Be2 f6 7. exf6 Qxf6 8.
Nf1 Bd6 9. Ne3 O-O 10. O-O Qf7 11. g3 Nf6 12. Ng5 Qe7 13. f4 Bd7 14. Re1 h6 15.
Nf3 Be8 16. Ne5 Ne4 17. Bf3 Rd8 18. Kg2 Bxe5 19. dxe5 Bg6 20. a4 Qf7 21. Ra3 a5
22. Nf1 Nb4 23. Rae3 Nc5 24. Rc3 Nxa4 0-1

[Event "Xtracon Chess Open 2016"]
[Site "Elsinore"]
[Date "2016.07.26"]
[Round "5.37"]
[White "Fossan, Petter"]
[Black "Hofmann, Rares"]
[Result "1-0"]
[WhiteElo "2303"]
[BlackElo "2118"]
[PlyCount "61"]
[EventDate "2016.07.23"]

1. e4 c5 2. c3 Nf6 3. e5 Nd5 4. d4 cxd4 5. Nf3 e6 6. cxd4 d6 7. Bc4 Be7 8. O-O
O-O 9. Re1 Nc6 10. a3 Bd7 11. Qd3 Be8 12. Bxd5 exd5 13. Nc3 dxe5 14. dxe5 d4
15. Ne4 h6 16. Bf4 Qd5 17. Rad1 Rd8 18. Nd6 Nxe5 19. Rxe5 Qxd6 20. Re4 Qc5 21.
b4 Qf5 22. Bc7 Rd7 23. g4 Qd5 24. Rxd4 Qc6 25. Ne5 Rxd4 26. Nxc6 Rxg4+ 27. Bg3
Bxc6 28. b5 Be4 29. Qe2 f5 30. f3 Rg6 31. Kh1 1-0

[Event "Xtracon Chess Open 2016"]
[Site "Elsinore"]
[Date "2016.07.26"]
[Round "5.38"]
[White "Schultz Pedersen, Jesper"]
[Black "Rostgaard, Tobias Valentin"]
[Result "0-1"]
[WhiteElo "2121"]
[BlackElo "2287"]
[PlyCount "70"]
[EventDate "2016.07.23"]

1. e4 e5 2. f4 exf4 3. Nf3 Nf6 4. e5 Nh5 5. Nc3 Be7 6. Bc4 g6 7. O-O d6 8. d4
Nc6 9. exd6 cxd6 10. d5 Ne5 11. Be2 O-O 12. Nd4 f3 13. Bxf3 Ng7 14. Kh1 Nf5 15.
Nxf5 Bxf5 16. Be4 Bd7 17. Bf4 Bf6 18. Bd3 Bg7 19. Qd2 f5 20. Ne2 Qf6 21. c4
Rae8 22. Rae1 h6 23. b4 b6 24. Bxe5 Rxe5 25. Nf4 Qg5 26. Qf2 Rfe8 27. g3 Qf6
28. c5 bxc5 29. bxc5 Rxe1 30. Rxe1 Rxe1+ 31. Qxe1 dxc5 32. Ne6 Qe7 33. Qc1 Bxe6
34. dxe6 Qb7+ 35. Kg1 Bd4+ 0-1

[Event "Xtracon Chess Open 2016"]
[Site "Elsinore"]
[Date "2016.07.26"]
[Round "5.39"]
[White "Haldorsen, Benjamin"]
[Black "Brorsen, Jacob Abildlund"]
[Result "1-0"]
[WhiteElo "2283"]
[BlackElo "2112"]
[PlyCount "45"]
[EventDate "2016.07.23"]

1. e4 e5 2. Nf3 Nc6 3. Bb5 a6 4. Ba4 Nf6 5. Bxc6 dxc6 6. d3 Nd7 7. Nbd2 c5 8.
a4 Be7 9. Nc4 f6 10. Nh4 O-O 11. O-O Rf7 12. Nf5 Nf8 13. f4 Bxf5 14. exf5 b5
15. axb5 axb5 16. Rxa8 Qxa8 17. fxe5 bxc4 18. e6 Nxe6 19. fxe6 Rf8 20. dxc4 Qe4
21. Qd5 Qxc2 22. Qd7 Bd6 23. e7 1-0

[Event "Xtracon Chess Open 2016"]
[Site "Elsinore"]
[Date "2016.07.26"]
[Round "5.40"]
[White "Larsen, Peter"]
[Black "Chittka, Julius"]
[Result "1-0"]
[WhiteElo "2265"]
[BlackElo "2109"]
[PlyCount "29"]
[EventDate "2016.07.23"]

1. e4 c5 2. Nf3 Nc6 3. Bb5 Qb6 4. Nc3 e6 5. Bxc6 Qxc6 6. d4 cxd4 7. Nxd4 Qc7 8.
O-O a6 9. Re1 b5 10. a4 b4 11. Nd5 exd5 12. exd5+ Be7 13. Qg4 Kf8 14. Nf5 g5
15. Bxg5 1-0

[Event "Xtracon Chess Open 2016"]
[Site "Elsinore"]
[Date "2016.07.26"]
[Round "5.41"]
[White "Lenaerts, Lennert"]
[Black "Holm, Ragnar"]
[Result "1-0"]
[WhiteElo "2259"]
[BlackElo "2104"]
[PlyCount "69"]
[EventDate "2016.07.23"]

1. d4 e6 2. c4 f5 3. Nc3 Nf6 4. g3 c6 5. Bg2 Be7 6. Nh3 d6 7. O-O O-O 8. Re1 e5
9. e4 Nxe4 10. Nxe4 fxe4 11. dxe5 dxe5 12. Qxd8 Bxd8 13. Rxe4 Bf6 14. Ng5 Na6
15. Re2 Bg4 16. Bf3 Bxf3 17. Nxf3 Rad8 18. Be3 b6 19. Ng5 Rd7 20. Ne4 Rfd8 21.
Kg2 Rd1 22. Re1 Rxa1 23. Rxa1 Kf7 24. Kf3 Ke6 25. a4 Nb4 26. c5 Nc2 27. Rc1
Nxe3 28. fxe3 b5 29. axb5 cxb5 30. Ra1 Rd7 31. Ra6+ Ke7 32. b4 Rc7 33. Nd6 Kd8
34. Nxb5 Rb7 35. Nxa7 1-0

[Event "Xtracon Chess Open 2016"]
[Site "Elsinore"]
[Date "2016.07.26"]
[Round "5.42"]
[White "Laustsen, Lars"]
[Black "Taylor, Adam C"]
[Result "0-1"]
[WhiteElo "2118"]
[BlackElo "2254"]
[PlyCount "54"]
[EventDate "2016.07.23"]

1. d4 Nf6 2. c4 c5 3. d5 b5 4. cxb5 a6 5. bxa6 g6 6. g3 d6 7. Bg2 Bg7 8. Nf3
Bxa6 9. Nc3 Nbd7 10. Rb1 O-O 11. O-O Qa5 12. Bd2 Bb7 13. b3 Qa7 14. e4 Ba6 15.
Re1 Ng4 16. a4 c4 17. Be3 Nxe3 18. Rxe3 cxb3 19. Rxb3 Nc5 20. Rb4 Bh6 21. Nd4
Bxe3 22. fxe3 Nd3 23. Rb3 Bc4 24. Rb1 e5 25. Nc2 Qa5 26. Qd2 Rfc8 27. Bh3 Rc7
0-1

[Event "Xtracon Chess Open 2016"]
[Site "Elsinore"]
[Date "2016.07.26"]
[Round "5.43"]
[White "Jacobsen, Mikkel Manosri"]
[Black "Rishovd, Svein"]
[Result "1/2-1/2"]
[WhiteElo "2245"]
[BlackElo "2099"]
[PlyCount "103"]
[EventDate "2016.07.23"]

1. d4 d5 2. c4 dxc4 3. e3 e5 4. Bxc4 exd4 5. exd4 Bd6 6. Nf3 Nf6 7. O-O O-O 8.
Bg5 h6 9. Bh4 Nc6 10. h3 g5 11. Bg3 Bxg3 12. fxg3 g4 13. Ne5 Nxe5 14. dxe5 Qxd1
15. Rxd1 Ne4 16. Rd4 Bf5 17. hxg4 c5 18. Rd3 Bxg4 19. Bd5 Ng5 20. Nc3 Rad8 21.
Kf2 Rfe8 22. Re1 b5 23. Nxb5 Bf5 24. Rdd1 Bc2 25. Rd2 Ne4+ 26. Rxe4 Bxe4 27.
Nd6 Rxe5 28. Nxe4 Rxe4 29. Bxf7+ Kxf7 30. Rxd8 Ra4 31. a3 Rc4 32. Ke3 Rc2 33.
Rd2 Rxd2 34. Kxd2 Kf6 35. Ke3 Kg5 36. Kf3 h5 37. a4 c4 38. a5 a6 39. Ke2 Kf5
40. Ke3 Kg4 41. Kf2 Kf5 42. Kf3 Kg5 43. Ke3 Kg4 44. Kd4 Kxg3 45. Kxc4 Kxg2 46.
b4 h4 47. b5 axb5+ 48. Kxb5 h3 49. a6 h2 50. a7 h1=Q 51. a8=B+ Kg3 52. Bxh1
1/2-1/2

[Event "Xtracon Chess Open 2016"]
[Site "Elsinore"]
[Date "2016.07.26"]
[Round "5.44"]
[White "Mardell, Jimmy"]
[Black "Schmidt, Kristen"]
[Result "1-0"]
[WhiteElo "2112"]
[BlackElo "2241"]
[PlyCount "95"]
[EventDate "2016.07.23"]

1. d4 g6 2. c4 Bg7 3. Nc3 d6 4. e4 Nf6 5. f3 O-O 6. Be3 c6 7. Nge2 a6 8. c5
dxc5 9. dxc5 Nbd7 10. Nf4 e5 11. Nd3 Ne8 12. Be2 Nc7 13. O-O Ne6 14. Na4 Qe7
15. Rc1 Rd8 16. Bd2 Bf6 17. Ba5 Re8 18. b3 Bg5 19. Bd2 Rd8 20. Bxg5 Qxg5 21.
Qe1 Ndf8 22. Nb6 Rb8 23. Rf2 Nd4 24. Bf1 Be6 25. Nb2 Kg7 26. Rd1 Qe7 27. Qc3 f6
28. f4 Bg8 29. Kh1 Nfe6 30. fxe5 fxe5 31. b4 Qh4 32. Qe1 Qg5 33. N6c4 Nf4 34.
Qe3 Bxc4 35. Nxc4 Nf5 36. exf5 Rxd1 37. Qxe5+ Kh6 38. Qxf4 Qxf4 39. Rxf4 Kg5
40. Rf2 gxf5 41. Ne3 Rb1 42. Rxf5+ Kg6 43. Rf3 Rd8 44. h3 Rd3 45. Kh2 Ra3 46.
Rg3+ Kf7 47. Bc4+ Kf8 48. Bb3 1-0

[Event "Xtracon Chess Open 2016"]
[Site "Elsinore"]
[Date "2016.07.26"]
[Round "5.45"]
[White "Andersen, Rune"]
[Black "Roe, Simon J"]
[Result "1-0"]
[WhiteElo "2100"]
[BlackElo "2238"]
[PlyCount "95"]
[EventDate "2016.07.23"]

1. d4 Nf6 2. c4 c5 3. d5 b5 4. cxb5 a6 5. f3 g6 6. e4 d6 7. Na3 Bg7 8. Ne2 O-O
9. Nc3 Nbd7 10. Be3 Nb6 11. Be2 axb5 12. Naxb5 Ba6 13. O-O Ne8 14. Qd2 Nc7 15.
Bh6 Nxb5 16. Bxg7 Kxg7 17. Nxb5 Qd7 18. Nc3 Bxe2 19. Qxe2 Na4 20. Nd1 Rfb8 21.
b3 Nb6 22. Ne3 Qa7 23. Rfc1 Qa3 24. h4 h5 25. f4 Qb4 26. Qf3 Qd4 27. Kh2 Nd7
28. Rd1 Qf6 29. Qg3 Rb4 30. Nc4 Kh7 31. e5 Qf5 32. a3 Rbb8 33. exd6 exd6 34.
Nxd6 Qc2 35. Nxf7 Nf6 36. Ne5 Rxb3 37. Rd3 Ng4+ 38. Nxg4 Qxd3 39. Nf6+ Kg7 40.
Nxh5+ Kf7 41. Qg4 gxh5 42. Qe6+ Kg7 43. Qe7+ Kh8 44. Qe5+ Kg8 45. Qg5+ Kf8 46.
Re1 Ra7 47. Qf6+ Kg8 48. Re8+ 1-0

[Event "Xtracon Chess Open 2016"]
[Site "Elsinore"]
[Date "2016.07.26"]
[Round "5.46"]
[White "Johansen, Paul"]
[Black "Brondt, Nicolai Kvist"]
[Result "1-0"]
[WhiteElo "2077"]
[BlackElo "2231"]
[PlyCount "111"]
[EventDate "2016.07.23"]

1. d4 Nf6 2. c4 c5 3. d5 b5 4. Nf3 bxc4 5. Nc3 d6 6. e4 g6 7. Bxc4 Bg7 8. O-O
O-O 9. h3 Ba6 10. Qd3 Qc8 11. Nb5 Nfd7 12. Bg5 Re8 13. Rab1 Nb6 14. b3 Bb7 15.
Rfe1 N8d7 16. a4 a5 17. Bf4 Rd8 18. Bg3 Nb8 19. Qe3 Na6 20. Qf4 Nb4 21. Be2 Ba6
22. Qh4 Bxb5 23. Bxb5 Ra7 24. Re2 Rc7 25. Rc1 h6 26. e5 g5 27. Qe4 N6xd5 28.
Bc4 Nb6 29. Bxf7+ Kxf7 30. e6+ Kg8 31. h4 N6d5 32. hxg5 hxg5 33. Nxg5 Nf6 34.
Qg6 Rf8 35. Bxd6 exd6 36. e7 Nbd5 37. exf8=Q+ Qxf8 38. Nh7 Qf7 39. Nxf6+ Nxf6
40. Qg3 d5 41. Qd6 Ne4 42. Qd8+ Bf8 43. f3 Nf6 44. Rce1 Rd7 45. Qxa5 d4 46. Qb5
Bd6 47. Re6 Kg7 48. Qc6 d3 49. Rxd6 Re7 50. Rxe7 Qxe7 51. Re6 Qd8 52. Qd6 Qa5
53. Qe7+ Kg8 54. Qxf6 d2 55. Re8+ Kh7 56. Rh8# 1-0

[Event "Xtracon Chess Open 2016"]
[Site "Elsinore"]
[Date "2016.07.26"]
[Round "5.47"]
[White "Tryggestad, Andreas Garberg"]
[Black "Kristensen, Kjell Ole"]
[Result "1-0"]
[WhiteElo "2216"]
[BlackElo "2006"]
[PlyCount "71"]
[EventDate "2016.07.23"]

1. e4 c5 2. Nf3 e6 3. c3 Nc6 4. d4 d5 5. exd5 exd5 6. Bb5 c4 7. O-O Bd6 8. b3
cxb3 9. axb3 Nge7 10. Bd3 Bg4 11. h3 Bh5 12. Be3 Bg6 13. c4 O-O 14. Bxg6 Nxg6
15. Nc3 Nce7 16. Ne1 dxc4 17. bxc4 Rc8 18. Qb3 Bb8 19. Nf3 Qc7 20. c5 Nh4 21.
Ne5 Nc6 22. Nb5 Qe7 23. Nc4 Qe4 24. f3 Qg6 25. Ra2 Nf5 26. d5 Nxe3 27. Qxe3
Rce8 28. Qd2 Ne5 29. Ncd6 a6 30. Nxe8 axb5 31. Nd6 b6 32. Nxb5 bxc5 33. d6 Nc4
34. Qc2 Qxc2 35. Rxc2 Ne3 36. Rxc5 1-0

[Event "Xtracon Chess Open 2016"]
[Site "Elsinore"]
[Date "2016.07.26"]
[Round "5.48"]
[White "Svane, Frederik"]
[Black "McPhillips, Joseph"]
[Result "0-1"]
[WhiteElo "2044"]
[BlackElo "2341"]
[PlyCount "118"]
[EventDate "2016.07.23"]

1. c4 Nf6 2. Nf3 e6 3. g3 d5 4. Bg2 Be7 5. O-O O-O 6. d4 c6 7. Qc2 b6 8. Nbd2
Bb7 9. e4 Na6 10. cxd5 Nb4 11. Qd1 cxd5 12. e5 Ne8 13. a3 Nc6 14. Re1 b5 15. b3
Qb6 16. Bb2 g6 17. Nf1 Ng7 18. Ne3 h5 19. Bf1 b4 20. a4 Ba6 21. h4 Bxf1 22.
Rxf1 Qa6 23. Kg2 Rac8 24. Rc1 Na5 25. Rxc8 Rxc8 26. Ne1 Bd8 27. Nd3 Nc6 28. Qd2
Na5 29. Qd1 Be7 30. Ba1 Nc6 31. Qd2 Na5 32. Qd1 Qb6 33. Qb1 Bf8 34. f3 Nc6 35.
Rc1 Rd8 36. Qb2 Ne7 37. g4 Nc6 38. Kh3 a6 39. Ng2 Be7 40. Ngf4 hxg4+ 41. fxg4
g5 42. Nh5 Nxh5 43. gxh5 g4+ 44. Kxg4 Bf8 45. Qd2 Kh7 46. Ne1 f5+ 47. exf6 Bh6
48. Qc2+ Kh8 49. Nf3 Rc8 50. Kh3 Bxc1 51. Qxc1 Qc7 52. Qf1 Qf4 53. Qd3 Qxf6 54.
Ne5 Ne7 55. Ng6+ Nxg6 56. hxg6 Qf5+ 57. Qxf5 exf5 58. Kg3 Kg7 59. h5 Rc1 0-1

[Event "Xtracon Chess Open 2016"]
[Site "Elsinore"]
[Date "2016.07.26"]
[Round "5.49"]
[White "Kunz, Andre"]
[Black "Nielsen, Hogni Egilstoft"]
[Result "1/2-1/2"]
[WhiteElo "2105"]
[BlackElo "2301"]
[PlyCount "40"]
[EventDate "2016.07.23"]

1. e4 e5 2. Nf3 Nc6 3. Bc4 Nf6 4. d3 Bc5 5. c3 d6 6. O-O a6 7. Bb3 Ba7 8. Be3
O-O 9. Nbd2 Ne7 10. Bxa7 Rxa7 11. Nh4 d5 12. h3 dxe4 13. dxe4 Ng6 14. Nxg6 hxg6
15. Re1 Nh5 16. Nf3 Qf6 17. Qd5 Re8 18. Ng5 Rf8 19. Nf3 Re8 20. Ng5 Rf8 1/2-1/2